Statistics for Canada Cities Quiz

Click here to take the quiz!

General Stats

  • This quiz has been taken 31 times
  • The average score is 10 of 15

Answer Stats

HintAnswer% Correct
Capital of CanadaOttawa
100%
One of the most livable cities in British ColumbiaVancouver
100%
Largest French speaking city in CanadaMontreal
92%
City known for its rich history (starts with Q)Quebec City
92%
Known for its skyscrapers and high risesToronto
88%
Sunniest city in Canada, located in AlbertaCalgary
83%
Nicknamed “The City of Gardens” in western Canada. Adjacent to SeattleVictoria
83%
Known as the gateway to the northEdmonton
79%
Named after a nearby lake, in ManitobaWinnipeg
75%
Home to the Maritime Museum of the Atlantic and the Neptune TheatreHalifax
67%
Second largest city in SaskatchewanRegina
63%
Located in Aspen Parkland, a region of rolling hills. Located in AlbertaRed Deer
25%
Known as the Tournament Capital of Canada, located in BCKamloops
21%
Known for its large national gas fields, city in AlbertaMedicine Hat
21%
One of the most haunted cities in North America, now a ghost town. Also the subject city of “Scary Stories with Tom MacDonald”Tranquille
8%

Score Distribution

Percentile by Number Answered

Percent of People with Each Score

Your Score History

You have not taken this quiz